La responsabilidad de los directores de sociedades anónimas: responsabilidad civil y penal administrativas. (Registro nro. 19192)

MARC details
000 -CABECERA
campo de control de longitud fija 00663nam a2200169Ia 4500
008 - DATOS DE LONGITUD FIJA--INFORMACIÓN GENERAL
campo de control de longitud fija 251009s9999||||xx |||||||||||||| ||und||
020 ## - NÚMERO INTERNACIONAL ESTÁNDAR DEL LIBRO
Número Internacional Estándar del Libro 9789561413399
082 ## - NÚMERO DE LA CLASIFICACIÓN DECIMAL DEWEY
Número de clasificación 346.83 A346r 2013
100 ## - ENTRADA PRINCIPAL--NOMBRE DE PERSONA
Nombre de persona Alcalde Rodríguez, Enrique
9 (RLIN) 34191
245 ## - MENCIÓN DE TÍTULO
Título La responsabilidad de los directores de sociedades anónimas: responsabilidad civil y penal administrativas.
260 ## - PUBLICACIÓN, DISTRIBUCIÓN, ETC. (PIE DE IMPRENTA)
Fecha de publicación, distribución, etc. 2013
Lugar de publicación. Santiago de Chile
Nombre del editor, distribuidor, etc. Ediciones Universidad Católica de Chile
300 ## - DESCRIPCIÓN FÍSICA
Extensión 498p.
650 ## - PUNTO DE ACCESO ADICIONAL DE MATERIA--TÉRMINO DE MATERIA
Término de materia o nombre geográfico como elemento inicial Responsabilidad civil
Subdivisión geográfica Chile
9 (RLIN) 23722
650 ## - PUNTO DE ACCESO ADICIONAL DE MATERIA--TÉRMINO DE MATERIA
Término de materia o nombre geográfico como elemento inicial Responsabilidad penal
Subdivisión geográfica Chile
9 (RLIN) 33470
650 ## - PUNTO DE ACCESO ADICIONAL DE MATERIA--TÉRMINO DE MATERIA
Término de materia o nombre geográfico como elemento inicial Directores de compañías
Subdivisión general Situación jurídica
Subdivisión geográfica Chile
9 (RLIN) 34192
942 ## - ELEMENTOS DE PUNTO DE ACCESO ADICIONAL (KOHA)
Fuente del sistema de clasificación o colocación
Tipo de ítem Koha Libro
Existencias
Estado de retiro Estado de pérdida Fuente del sistema de clasificación o colocación Estado dañado No para préstamo Código de colección Localización permanente Ubicación/localización actual Fecha de adquisición Fuente de adquisición Total de préstamos Signatura topográfica completa Código de barras Fecha visto por última vez Número de copia Precio válido a partir de Tipo de ítem Koha
          Reference Biblioteca Central Biblioteca Central 09/10/2025 Donación   346.83 A346r 2013 c.1 00025452 09/10/2025 1 09/10/2025 Libro
          Reference Biblioteca Central Biblioteca Central 06/04/2026 Compra   346.83 A346r 2013 c.2 27352 29/04/2026 2 29/04/2026 Libro
Derechos Reservados © 2011 Universidad Miguel de Cervantes. Mac Iver 370. Santiago Centro, C.P. 8320170. Chile. / Teléfono: +56 (2) 2 927 34 00